000 00790na a2200241 4500
001 17072
003 MIRAKIL
005 20181213154821.0
008 161108b tu 000 0
035 _a17072
040 _aMilas
_btur
_cTR-AnCHP
041 _atur
082 _aCHP 324.2172068
_bC36c 1935
090 _aCHP 324.2172068 C36c 1935
110 _aCumhuriyet Halk Fırkası
245 _aCumhuriyet Halk Fırkası genel katibliginin fırka teşkilatına umumi tebligatı
_bTemmuz 1934'den birincikanun 1934 sonuna kadar
_cCumhuriyet Halk Partisi
260 _aAnkara
_bCHP
_c1935
_fUlus Matbaası
300 _a148 s.
_c24 sm.
610 _aCHP Genel Merkezi
_xAltbirimler
_yBildirimler
710 _aCumhuriyet Halk Partisi
830 _aCHP Yayınları
942 _2dcc
_cBKS
999 _c1364
_d1364